|
|
|
|
| LEADER |
00000nam a2200000Ii 4500 |
| 001 |
DIGUCANT0123 |
| 003 |
NyNyDIG |
| 006 |
m o d |
| 007 |
cr ||||||||||| |
| 008 |
220429s2020 sp a ob 000 0 spa d |
| 035 |
|
|
|a (OCoLC)1319855284
|
| 040 |
|
|
|a DGITA
|b eng
|e rda
|e pn
|c DGITA
|
| 020 |
|
|
|a 9788481029314
|q eBook
|q pdf
|
| 020 |
|
|
|z 9788481029307
|q rústica
|
| 050 |
1 |
4 |
|a HM1121 ebook
|
| 245 |
0 |
0 |
|a Dimensiones del conflicto :
|b resistencia, violencia y policía en el mundo urbano /
|c Tomás A. Mantecón Movellán, Marina Torres Arce y Susana Truchuelo García (eds.)
|
| 264 |
|
1 |
|a Santander, [Cantabria] :
|b Editorial Universidad de Cantabria,
|c [2020]
|
| 300 |
|
|
|a 1 online resource :
|b illustrations.
|
| 336 |
|
|
|a text
|b txt
|2 rdacontent
|
| 337 |
|
|
|a computer
|b c
|2 rdamedia
|
| 338 |
|
|
|a online resource
|b cr
|2 rdacarrier
|
| 347 |
|
|
|a text file
|2 rdaft
|
| 347 |
|
|
|b PDF
|
| 490 |
1 |
|
|a Colección Historia ;
|v 142
|
| 504 |
|
|
|a Includes bibliographical references.
|
| 588 |
0 |
|
|a Online resource; title from PDF title page (Digitalia, viewed April 29, 2022)
|
| 650 |
|
0 |
|a Social conflict.
|
| 650 |
|
0 |
|a Civil disobedience.
|
| 650 |
|
0 |
|a Urban violence.
|
| 655 |
|
0 |
|a Electronic books.
|
| 700 |
1 |
|
|a Mantecón Movellán, Tomás Antonio,
|e editor.
|
| 700 |
1 |
|
|a Torres Arce, Marina,
|e editor.
|
| 700 |
1 |
|
|a Truchuelo García, Susana,
|e editor.
|
| 791 |
2 |
|
|a Digitalia (Firm),
|e distributor.
|
| 793 |
0 |
|
|g Digitalia eBook Collection:
|a Universidad de Cantabria
|
| 776 |
0 |
8 |
|i Print version:
|t Dimensiones del conflicto.
|d Santander, [Cantabria] : Editorial Universidad de Cantabria, [2020]
|z 9788481029307
|
| 830 |
|
0 |
|a Colección Historia (Editorial Universidad de Cantabria) ;
|v 142.
|
| 856 |
4 |
0 |
|3 Digitalia Hispánica
|u https://www.digitaliapublishing.com/a/103058/
|
| 910 |
|
|
|a Premium collection: 2022
|